| 000 | 00469naa a22001217u 4500 | ||
|---|---|---|---|
| 008 | 130517b2009 xxu||||| |||| 00| 0 spa d | ||
| 040 | _aSPA | ||
| 100 | 1 |
_aKapusta, Pawel _98006 |
|
| 245 | 0 | 0 | _aFe y ciencias naturales en el pensamiento de Joseph Ratzinger |
| 300 |
_a277-294 p. _c21 cm |
||
| 773 | 0 |
_tEl pensamiento de Joseph Ratzinger:Teólogo y Papa _aMADRIGAL, Santiago _dMadrid,San Pablo,2009, _gpágs. 277-294 p. _oM.21935-2009 _z978-84-285-3488-8, _w85667 |
|
| 942 | _cAC | ||
| 999 |
_c220541 _d220541 |
||